000 00619nam a2200193Ia 4500
003 IN-BaIIA
008 211028s9999 xx 000 0 eng d
020 _a0-87891-548-6
040 _cIIA Library
080 _a519.8
_bREA
110 _aResearch and Education Association
_918667
245 0 _aREA's problem solvers
_boperations research
_cResearch and Education Association
260 _aNew Jersey
_bResearch and Education Association
_c1983
300 _axi, 1076p.
490 _aREA's problem solvers
650 _aNASA thesaurus
650 _aOperations research
_91657
942 _cBK
999 _c10919
_d10919